Normal view
MARC view
- Urdu Literature-Rajinder Singh Bedi Kay Bay Misal Afsanay
Entry Topical Term
001 - CONTROL NUMBER
- control field: 112460
003 - CONTROL NUMBER IDENTIFIER
- control field: NUST
005 - DATE AND TIME OF LATEST TRANSACTION
- control field: 20230518133416.0
008 - FIXED-LENGTH DATA ELEMENTS
- fixed length control field: 230518|| aca||aabn | a|a d
040 ## - CATALOGING SOURCE
- Original cataloging agency: NUST
- Transcribing agency: NUST
150 ## - HEADING--TOPICAL TERM
- Topical term or geographic name entry element: Urdu Literature-Rajinder Singh Bedi Kay Bay Misal Afsanay
670 ## - SOURCE DATA FOUND
- Source citation: Work cat.: (NUST)594788: Tahir Mansoor Faroodi 112402, Rajinder Singh Bedi Kay Bay Misal Afsanay, 2008.
